Gemeenten van Overijssel met kaart - Statistieken

Algemene statistieken
  • Deze quiz is 2.810 keer genomen
  • De gemiddelde score is 14 van 25
Antwoorden op de kaart
Antwoorden kleurgecodeerd door een groen-rode schaal op de quizkaart volgens % correct hieronder.
 
Antwoordstatistieken
Antwoord % Correct
Zwolle
95%
Enschede
91%
Almelo
88%
Hengelo
87%
Deventer
77%
Kampen
76%
Oldenzaal
59%
Hardenberg
58%
Ommen
58%
Hof van Twente
54%
Raalte
53%
Dalfsen
51%
Steenwijkerland
51%
Borne
48%
Staphorst
47%
Haaksbergen
46%
Olst-Wijhe
46%
Tubbergen
46%
Twenterand
46%
Zwartewaterland
46%
Hellendoorn
45%
Losser
43%
Wierden
41%
Rijssen-Holten
40%
Dinkelland
39%
Geen overeenkomende quizzen gevonden
Scoreverdeling
Procent van Mensen met Elke Score
Percentiel versus Aantal Correcte Antwoorden
Uw Scoregeschiedenis
U heeft deze quiz nog niet genomen